O los resolvemos entre todos o en este país no habrá solución a los problemas nacionales; dos discursos
Guardat en:
| Autor principal: | |
|---|---|
| Format: | Text |
| Publicat: |
San José:
Oficina de Difusión y Prensa de la Casa Presidencial
|
| Etiquetes: |
Afegir etiqueta
Sense etiquetes, Sigues el primer a etiquetar aquest registre!
|
MARC
| LEADER | 00000 a a2200000 04500 | ||
|---|---|---|---|
| 001 | 23667 | ||
| 003 | |||
| 040 | |a CRAI/IIS |c CRAI/IIS | ||
| 090 | |a 165600 | ||
| 100 | |a Carazo Odio, Rodrigo | ||
| 245 | |a O los resolvemos entre todos o en este país no habrá solución a los problemas nacionales; dos discursos | ||
| 260 | |a San José: |b Oficina de Difusión y Prensa de la Casa Presidencial | ||
| 300 | |a 23 p. | ||
| 999 | |c 17063 |d 17063 | ||
